000 00520nam a2200193Ia 4500
008 220531s9999 xx 000 0 und d
041 _aeng
082 _bHAR
100 _aHardgrave, R. L. Jr.
_970495
245 _aNadras Of Tamilnad: The Political Culture Of A Community In Change
250 _a1ST
260 _alondon
_bUniversity of California Press
_c1969
300 _a314
542 _d02-09-2014
551 _aSociology
650 _aSociology
_970496
906 _d2014-2015
_f999
999 _c39479
_d39479